Quiz o Śremie - Statystyki

Ogólne statystyki
  • Ten quiz został rozwiązany 12 razy
  • Średni wynik to 5 z 11
Statystyki odpowiedzi
Wskazówka Odpowiedź % Poprawnych
Kod pocztowy 63-100
89%
Rzeka w Śremie Warta
89%
Burmistrz miasta Grzegorz Wiśniewski
78%
Tablice rejestracyjne PSE
67%
Jezioro nad kórym leży Śrem Jezioro {Grzymysławskie}
56%
Sieć sklepów która w Śremie otworzyła pierwszy sklep Biedronka
33%
Nazwa Pomnika Powstańców Wielkopolskich Dobosz
33%
Zalew w mieście Zalew {Śremski}
33%
Niemiecka nazwa miasta Schrimm
22%
Rok nadania praw miejskich 1253
11%
Nazwa promenady w Śremie Promenada {Nadwarciańska}
0%
Nie znaleziono quizów pasujących do podanych kryteriów
Rozkład punktacji
Procent ludzi z każdym wynikiem
Percentyl według liczby udzielonych odpowiedzi
Twoja historia wyników
Nie rozwiązałeś tego quizu